1255 1731 1939 1232 1321 1881 1341 1957 1330 1787 1360 1820 1891 1512 1941 1378 1274 1754 1949 1191 1762 1430 1801 1457 1159 1768 1652 1152 1860 1264 1475 1995 1751 1963 1734 1969 1225 1599 1787 1156 1298 1466 1512 1493 1282 1170 1399 1506 1913 1849 1622 1142 1217 1873 1797 1950 1953 1044 1032 1836 1294 1072 1171 1843 1047 1731 1508 1517 1615 1728 1418 1507 1092 1836 1089 1440 1677 1076 1090 1933 1609 1807 1537 1842 1713 1563 1247 1503 1622 1465 1009 1093 1417 1535 1088 1646 1130 1815 1777 BCNSPRNW ULIB Ver.6.0+V

เปลี่ยนเป็นภาษาไทย

Change to English
 แสดงรายละเอียดบรรณานุกรม
  กลับหน้าหลัก

Brief Record : Get Marc (ISO 2709) : E-mail record : QR code < ปิดหน้าต่าง
LEADER : 00000nam 2200000uu 4500
001    13399113864
003     ULIB
008    120110s||||||||th 000 0 tha d
099    วจ.WS280^bl8588
100 0  สุรางคนา ไชยรินคำ
245 00 ความรู้ ความต้องการ และประสบการณ์ของผู้ปกครองในการดูแลเด็กโรคหอบหืด/^cสุรางคนา ไชยรินคำ
260    พะเยา :^bวิทยาลัยพยาบาลบรมราชชนนี พะเยา,^c2552
300    58 หน้า :^bตาราง
500    รายงานการวิจัย
650  7 โรคหอบหืดในเด็ก^xวิจัย
650  7 การดูแลเด็ก^xวิจัย
710 1  วิทยาลัยพยาบาลบรมราชชนนี พะเยา
945    ^p0^l0^i030927
995    ทศพร
999 ^a ทศพร
รายการนี้ยังไม่มีแท็ก
คุณยังไม่ได้ล็อกอิน คุณสามารถมีกิจกรรมร่วมกับเว็บไซต์ได้ แต่ต้องล็อกอินก่อน ::
  ล็อกอิน

รายการสื่อสารสนเทศ

ลำดับที่ ประเภท เลขเรียก/บาร์โค้ด สถานที่ สถานะ
1. งานวิจัย
งานวิจัย
วจ.WS280 l8588 ฉ.1 
  Barcode: 030927
ห้องสมุดวิทยาเขตสวรรค์ประชารักษ์
►วิจัย
บนชั้น

BibComment


ยังไม่เคยถูกคอมเมนท์

คอมเมนท์ทรัพยากรรายการนี้
  คอมเมนท์: ความรู้ ความต้องก..


 Copyright 2026. Bcnsprnw @Library